000 03089nam0a2200421 4500
001 RU\NLR\BIBL_A\012891236
005 20230220145508.0
010 _a978-5-906724-55-7
_91000
021 _aRU
_bКН-П-22-049006
_9КН-П-22-4249
035 _a(NLR Aleph) 012891236
035 _a(RuMoRGB)011156718
090 _a12551968
_c12551968
100 _a20220920d2022 u y0rusy50 ca
101 0 _arus
_deng
102 _aRU
105 _aah z 000zy
181 0 _ai
_baxxe
182 0 _an
200 1 _aВойна без порохового дыма: валютные битвы в Китае в годы Войны сопротивления японским захватчикам (1937-1945)
_dWar without powder smoke: currency battles in China in the years of the War of resistance to the Japanese invaders (1937-1945)
_e[монография]
_fДай Цзяньбин
_gХэбэйский педагогический университет, НИИ истории, экономики и права (Москва)
_zeng
203 _aТекст
_bвизуальный
_cнепосредственный
210 _aМосква
_cНИИ ИЭП
_d2022
215 _a420 с.
_cил., цв. ил., факс.
_d25
300 _aАвт. также на англ. яз.: Dai Jianbing
300 _aНа 4-й с. обл. авт.: Дай Цзяньбинь - д.ист.наук
300 _aРез. на англ. яз.
320 _aБиблиогр.: с. 364-376
320 _aДр. произведения авт. на 4-й с. обл.
330 _aВ книге известного китайского историка Дай Цзяньбина освещается противостояние Китая японским агрессорам в денежно-финансовой сфере. В центре внимания автора - вопросы денежной эмиссии и организации денежного обращения в Китайской Республике и на оккупированных территориях. Детально рассмотрена японская политика создания китайских псевдобанков, практика использования банкнот этих незаконных финансовых организаций и японских военных бонов для овладения ресурсным потенциалом и подрыва экономики Китайской Республики
510 1 _6z01790
_aWar without powder smoke: currency battles in China in the years of the War of resistance to the Japanese invaders (1937-1945)
_zeng
606 1 _aВалютные отношения
_xИстория
_yКитай
_z1937 - 1945
_2nlr_sh2
_3RU\NLR\AUTH\6601719100
675 _a94(510)"1937/1945"
_v4
686 1 _aУ26(5Кит)86-03
700 0 _aДай Цзяньбин
_f1963-
790 0 _6z01510
_aDai Jianbing
_f1963-
942 _cBOOK
980 _aNB